000 00892nam a2200265 a 4500
001 55529
003 BD-RjUL
005 20211209080258.0
008 161119r19601955njua b 001 0 eng
035 _a(BD-RjUL) 55652
040 _aDLC
_cDLC
_dBD-RjUL
_beng
041 _aeng
082 0 0 _223
_a150
_bLED 1960
100 1 _aLehner, George F. J.
_q(George Frederick John),
_d1914-
_9165397
245 1 4 _aThe dynamics of personal adjustment /
_c[by] George F. J. Lehner [and] Ella Kube.
260 _aEnglewood Cliffs, N.J.,
_bPrentice-Hall
_c1955 [Printing 1968]
300 _axiv, 498 p. :
_billus., ;
_c22 cm.
490 0 _aPrentice-Hall psychology series
504 _aIncludes bibliographies.
650 0 _aAdjustment (Psychology)
_9165398
650 0 _aPsychology
_9165399
650 0 _aPsychology, Applied
_9124610
700 1 _aKube, Ella,
_ejoint author.
_9165400
942 _2ddc
_cBK
999 _c55529
_d55529